000 00719pam a2200205 a 4500
999 _c129809
_d129809
001 2540429
005 20230325091851.0
008 940217r19951982paua b 001 0 eng
020 _a0721637582
040 _cPK-LaUMT
082 0 0 _a615.82
_220
_bPHY-
245 1 0 _aPhysical therapy for sports /
_cedited by Werner Kuprian, with the collaboration of Doris Eitner, Lutz Meissner, Helmut Ork ; translated by Todd Konjte and Lynn Braunsdorf
250 _a2nd ed.
260 _aPhiladelphia :
_bW.B. Saunders,
_c1995
300 _axxii, 485 p. :
_bill. (some col.) ;
_c27 cm.
650 0 _aSports physical therapy.
650 0 _aSports injuries
_xPatients
_xRehabilitation.
700 1 _aKuprian, Werner.
942 _cBK